000
00219nam a22000857a 4500
008
161108b xxu||||| |||| 00| 0 eng d
100
_9
1078
_a
Singhal.J.P.
245
_a
CCE Social Science-IX
260
_a
New Delhi
_b
Amanda
_c
2012
999
_c
3735
_d
3735